Suomen kansanedustajat - Members of the Finnish Parliament - Statistics

Yleistilastot
  • Tätä visaa on pelattu 164 kertaa
  • Keskiarvotulos 69 / 200
Vastaustilastot
Vaalipiiri (puolue) Vastaus % Oikein
Pirkanmaa (SDP) Sanna Marin
92%
Varsinais-Suomi (Vas) Li Andersson
86%
Helsinki (Vihr) Maria Ohisalo
82%
Vaasa (RKP) Anna-Maja Henriksson
78%
Helsinki (PS) Jussi Halla-aho
77%
Satakunta (SDP) Krista Kiuru
77%
Helsinki (Vihr) Pekka Haavisto
77%
Varsinais-Suomi (Kok) Petteri Orpo
74%
Varsinais-Suomi (Kesk) Annika Saarikko
73%
Savo-Karjala (KD) Sari Essayah
71%
Uusimaa (SDP) Antti Rinne
69%
Uusimaa (Nyt) Harry Harkimo
69%
Uusimaa (PS) Riikka Purra
68%
Häme (KD) Päivi Räsänen
66%
Pirkanmaa (Kok) Pauli Kiuru
66%
Lappi (Kesk) Katri Kulmuni
65%
Oulu (PS) Sebastian Tynkkynen
64%
Varsinais-Suomi (Vihr) Sofia Virta
62%
Kaakkois-Suomi (Sit) Ano Turtiainen
60%
Kaakkois-Suomi (Kok) Antti Häkkänen
58%
Lappi (Kesk) Markus Lohi
58%
Varsinais-Suomi (PS) Ritva Elomaa
57%
Uusimaa (Kesk) Antti Kaikkonen
56%
Oulu (Kesk) Juha Sipilä
56%
Uusimaa (Kesk) Matti Vanhanen
56%
Helsinki (Kok) Ben Zyskowicz
55%
Varsinais-Suomi (Kok) Ilkka Kanerva
55%
Helsinki (Vas) Paavo Arhinmäki
55%
Uusimaa (Vihr) Tiina Elo
55%
Vaasa (Kesk) Mika Lintilä
53%
Varsinais-Suomi (PS) Ville Tavio
52%
Pirkanmaa (Vihr) Iiris Suomela
49%
Kaakkois-Suomi (PS) Jani Mäkelä
49%
Vaasa (SDP) Matias Mäkynen
49%
Vaasa (Kesk) Antti Kurvinen
48%
Helsinki (Kok) Jaana Pelkonen
48%
Vaasa (PS) Jukka Mäkynen
48%
Vaasa (PS) Mauri Peltokangas
48%
Oulu (SDP) Tytti Tuppurainen
48%
Häme (Vas) Aino-Kaisa Pekonen
47%
Uusimaa (Kok) Kai Mykkänen
47%
Lappi (Kesk) Mikko Kärnä
47%
Helsinki (Kok) Wille Rydman
47%
Uusimaa (SDP) Antti Lindtman
45%
Helsinki (Vihr) Emma Kari
45%
Helsinki (SDP) Eveliina Heinäluoma
45%
Häme (SDP) Mika Kari
44%
Uusimaa (SDP) Timo Harakka
44%
Pirkanmaa (Vas) Anna Kontula
43%
Keski-Suomi (Vihr) Bella Forsgrén
43%
Uusimaa (Kok) Elina Lepomäki
43%
Helsinki (SDP) Erkki Tuomioja
43%
Kaakkois-Suomi (PS) Kristian Sheikki Laakso
43%
Lappi (Vas) Markus Mustajärvi
43%
Uusimaa (Vihr) Pirkka-Pekka Petelius
43%
Keski-Suomi (SDP) Riitta Mäkinen
43%
Keski-Suomi (Kok) Sinuhe Wallinheimo
43%
Helsinki (Vihr) Atte Harjanne
42%
Pirkanmaa (SDP) Ilmari Nurminen
42%
Vaasa (Kok) Paula Risikko
42%
Oulu (Vas) Hanna Sarkkinen
40%
Kaakkois-Suomi (Kesk) Jari Leppä
40%
Savo-Karjala (Vihr) Krista Mikkonen
40%
Kaakkois-Suomi (SDP) Sirpa Paatero
40%
Uusimaa (RKP) Veronica Rehn-Kivi
40%
Helsinki (Vas) Veronika Honkasalo
40%
Häme (SDP) Ville Skinnari
40%
Kaakkois-Suomi (PS) Juho Eerola
39%
Uusimaa (Vas) Jussi Saramo
39%
Pirkanmaa (SDP) Marko Asell
39%
Keski-Suomi (PS) Toimi Kankaanniemi
39%
Helsinki (SDP) Tuula Haatainen
39%
Satakunta (Kesk) Eeva Kalli
38%
Varsinais-Suomi (Vas) Johannes Yrttiaho
38%
Uusimaa (PS) Mika Niikko
38%
Vaasa (KD) Peter Östman
38%
Varsinais-Suomi (Kok) Saara-Sofia Sirén
38%
Häme (Kok) Sanni Grahn-Laasonen
38%
Pirkanmaa (Kok) Arto Satonen
36%
Häme (PS) Lulu Ranne
36%
Oulu (Vas) Merja Kyllönen
36%
Pirkanmaa (PS) Veijo Niemi
36%
Savo-Karjala (Kesk) Hannu Hoskonen
35%
Lappi (Kok) Heikki Autto
35%
Kaakkois-Suomi (Vihr) Heli Järvinen
35%
Keski-Suomi (Kesk) Joonas Könttä
35%
Satakunta (SDP) Kristiina Salonen
35%
Uusimaa (PS) Leena Meri
35%
Helsinki (Vas) Mai Kivelä
35%
Uusimaa (PS) Arja Juvonen
34%
Savo-Karjala (Kesk) Hannakaisa Heikkinen
34%
Kaakkois-Suomi (Kesk) Hanna Kosonen
34%
Oulu (PS) Jenna Simula
34%
Uusimaa (RKP) Thomas Blomqvist
34%
Häme (Kok) Timo Heinonen
34%
Oulu (Kok) Janne Heikkinen
32%
Vaasa (RKP) Joakim Strand
32%
Häme (Kok) Kalle Jokinen
32%
Helsinki (PS) Mari Rantanen
32%
Keski-Suomi (Kesk) Petri Honkonen
32%
Keski-Suomi (SDP) Piritta Rantanen
32%
Helsinki (PS) Tom Packalén
32%
Uusimaa (PS) Ari Koponen
31%
Oulu (Vihr) Jenni Pitko
31%
Häme (SDP) Johannes Koskinen
31%
Vaasa (PS) Juha Mäenpää
31%
Vaasa (SDP) Kim Berg
31%
Uusimaa (Kok) Sari Multala
31%
Varsinais-Suomi (SDP) Aki Lindén
30%
Keski-Suomi (Kesk) Anne Kalmari
30%
Uusimaa (SDP) Hussein al-Taee
30%
Satakunta (PS) Jari Koskela
30%
Keski-Suomi (Vas) Juho Kautto
30%
Uusimaa (SDP) Maria Guzenina
30%
Vaasa (Kesk) Mikko Savola
30%
Uusimaa (Vihr) Noora Koponen
30%
Uusimaa (PS) Riikka Slunga-Poutsalo
30%
Savo-Karjala (PS) Sanna Antikainen
30%
Kaakkois-Suomi (SDP) Suna Kymäläinen
30%
Savo-Karjala (SDP) Tuula Väätäinen
30%
Pirkanmaa (Kok) Anna-Kaisa Ikonen
29%
Lappi (SDP) Johanna Ojala-Niemelä
29%
Helsinki (Kok) Juhana Vartiainen
29%
Lappi (PS) Kaisa Juuso
29%
Oulu (Vas) Katja Hänninen
29%
Oulu (Kesk) Mikko Kinnunen
29%
Uusimaa (Vihr) Saara Hyrkkö
29%
Uusimaa (RKP) Anders Adlercreutz
27%
Helsinki (RKP) Eva Biaudet
27%
Satakunta (Vas) Jari Myllykoski
27%
Savo-Karjala (Kok) Marko Kilpi
27%
Savo-Karjala (SDP) Merja Mäkisalo-Ropponen
27%
Pirkanmaa (KD) Sari Tanus
27%
Pirkanmaa (Kesk) Jouni Ovaska
26%
Pirkanmaa (SDP) Jukka Gustafsson
26%
Savo-Karjala (Kok) Markku Eestilä
26%
Savo-Karjala (Vas) Matti Semi
26%
Vaasa (Kesk) Pasi Kivisaari
26%
Pirkanmaa (PS) Sakari Puisto
26%
Varsinais-Suomi (PS) Vilhelm Junnila
26%
Savo-Karjala (Kesk) Anu Vehviläinen
25%
Pirkanmaa (Vihr) Satu Hassi
25%
Pirkanmaa (Kok) Sofia Vikman
25%
Häme (SDP) Tarja Filatov
25%
Varsinais-Suomi (Kesk) Esko Kiviranta
23%
Keski-Suomi (PS) Jouni Kotiaho
23%
Ahvenanmaa (FÅ) Mats Löfström
23%
Kaakkois-Suomi (SDP) Niina Malm
23%
Uusimaa (Vas) Pia Lohikoski
23%
Helsinki (Kok) Sari Sarkomaa
23%
Savo-Karjala (SDP) Seppo Eskelinen
23%
Uusimaa (KD) Antero Laukkanen
22%
Uusimaa (Kok) Heikki Vestman
22%
Oulu (Kesk) Pekka Aittakumpu
22%
Häme (PS) Rami Lehto
22%
Häme (Kesk) Hilkka Kemppi
21%
Vaasa (Kok) Janne Sankelo
21%
Pirkanmaa (PS) Sami Savio
21%
Pirkanmaa (PS) Veikko Vallin
21%
Savo-Karjala (PS) Minna Reijonen
19%
Helsinki (Vihr) Outi Alanko-Kahiluoto
19%
Vaasa (RKP) Anders Norrback
18%
Häme (PS) Jari Ronkainen
18%
Uusimaa (SDP) Kimmo Kiljunen
18%
Kaakkois-Suomi (SDP) Anneli Kiljunen
17%
Varsinais-Suomi (Kok) Anne-Mari Virolainen
17%
Kaakkois-Suomi (Vihr) Hanna Holopainen
17%
Helsinki (Vihr) Mari Holopainen
17%
Varsinais-Suomi (PS) Mikko Lundén
17%
Oulu (PS) Olli Immonen
17%
Varsinais-Suomi (RKP) Sandra Bergqvist
17%
Oulu (Kesk) Hanna-Leena Mattila
16%
Oulu (Kesk) Tuomas Kettunen
16%
Oulu (PS) Ville Vähämäki
16%
Pirkanmaa (Kesk) Arto Pirttilahti
14%
Varsinais-Suomi (SDP) Eeva-Johanna Eloranta
14%
Savo-Karjala (PS) Jussi Wihonen
14%
Vaasa (RKP) Mikko Ollikainen
14%
Pirkanmaa (SDP) Pia Viitanen
14%
Uusimaa (Kok) Pihla Keto-Huovinen
14%
Helsinki (Kok) Terhi Koulumies
14%
Savo-Karjala (Kesk) Hanna Huttunen
13%
Uusimaa (SDP) Johan Kvarnström
13%
Kaakkois-Suomi (Kok) Jukka Kopra
13%
Satakunta (Kok) Matias Marttinen
13%
Satakunta (PS) Petri Huru
13%
Oulu (Kok) Mari-Leena Talvitie
12%
Kaakkois-Suomi (Kesk) Ari Torniainen
10%
Uusimaa (Vihr) Inka Hopsu
10%
Oulu (Kesk) Juha Pylväs
10%
Uusimaa (Kok) Ruut Sjöblom
10%
Varsinais-Suomi (SDP) Katja Taimela
9%
Uusimaa (Kok) Kari Tolvanen
8%
Uusimaa (Kok) Mia Laiho
8%
Kaakkois-Suomi (SDP) Paula Werning
8%
Uusimaa (Kok) Pia Kauma
8%
Oulu (SDP) Raimo Piirainen
8%
Kaakkois-Suomi (Kok) Ville Kaunisto
8%
Satakunta (SDP) Heidi Viljanen
6%
Häme (Vihr) Mirka Soinikoski
4%
Ehtoja vastaavia visoja ei löytynyt
Tulosjakauma
Jokaisen tuloksen saaneiden osuus
Persentiili vastausten määrän mukaan
Tuloshistoriasi
Et ole pelannut tätä visaa